000 nam a22 7a 4500
999 _c10902
_d10902
008 180308b ||||| |||| 00| 0 eng d
100 _aWanchoo,IL.
_96713
245 _aGoyals open text material with analysis-IX
260 _aNew Delhi
_bGoyal
_c2013